000
00309nam a2200133Ia 4500
005
20260328104318.0
008
260328s9999||||xx |||||||||||||| ||und||
100
_a
Hinrichs, Kit
245
0
_a
Typewise /
_c
Kit Hinrichs
260
_b
North Light Books
300
_a
160 p.
650
_a
REVISTAS
942
_c
BK
999
_c
11227
_d
11227